[Event "129th YMCA Autumn 2013-C"]
[Site "Warszawa"]
[Date "2013.11.06"]
[Round "8"]
[White "Krzyzanowski, Antoni"]
[Black "Kaminski, Jan"]
[Result "1-0"]
[WhiteElo "1758"]
[BlackElo "1753"]
[PlyCount "81"]
[EventDate "2013.09.16"]
[EventType "tourn"]
[EventRounds "1"]
[EventCountry "POL"]
[SourceDate "2013.09.16"]

1. e4 c5 2. Nf3 d6 3. c3 g6 4. Be2 Bg7 5. O-O Nf6 6. Re1 O-O 7. Bf1 Nbd7 8. d4
Qc7 9. h3 b6 10. e5 dxe5 11. dxe5 Ne8 12. e6 fxe6 13. Ng5 Ne5 14. f4 Nf7 15.
Nxe6 Bxe6 16. Rxe6 Ned6 17. Qe1 Rae8 18. Nd2 Nd8 19. Re2 Rxf4 20. Nf3 Rff8 21.
Bg5 Nc6 22. Re6 Kh8 23. Bd3 Nf5 24. Rd1 Nd8 25. Bxf5 Nxe6 26. Bxe6 Rd8 27. Rxd8
Rxd8 28. Bb3 Bf6 29. Qh4 Qd6 30. Bc2 Kg8 31. Qh6 Bg7 32. Qh4 Bf6 33. Qc4+ Kh8
34. Qf7 Qc6 35. Be4 Qd6 36. Bd2 Qg3 37. Bd5 Qd6 38. c4 Qg3 39. Bh6 Qb8 40. Ng5
Bxg5 41. Qg7# 1-0

[Event "129th YMCA Autumn 2013-C"]
[Site "Warszawa"]
[Date "2013.11.15"]
[Round "8"]
[White "Wyszomirski, Krzysztof"]
[Black "Szukalski, Antoni"]
[Result "1-0"]
[WhiteElo "1755"]
[BlackElo "1796"]
[PlyCount "51"]
[EventDate "2013.09.16"]
[EventType "tourn"]
[EventRounds "1"]
[EventCountry "POL"]
[SourceDate "2013.09.16"]

1. e4 e5 2. Nf3 Nc6 3. Bb5 a6 4. Ba4 Nf6 5. O-O b5 6. Bb3 Be7 7. Re1 d6 8. c3
O-O 9. h3 Na5 10. Bc2 c5 11. d4 Qc7 12. Nbd2 Nc6 13. Nf1 Re8 14. Ne3 Bf8 15. a4
Bb7 16. axb5 axb5 17. Rxa8 Bxa8 18. Nd5 Qd8 19. Bg5 Be7 20. Bxf6 Bxf6 21. dxc5
dxc5 22. Qe2 c4 23. Rd1 Nb8 24. b3 Bxd5 25. Rxd5 cxb3 26. Rxd8 1-0

[Event "129th YMCA Autumn 2013-C"]
[Site "Warszawa"]
[Date "2013.11.06"]
[Round "8"]
[White "Wilczynski, Adam"]
[Black "Rodak, Przemyslaw"]
[Result "1-0"]
[WhiteElo "1696"]
[BlackElo "1661"]
[PlyCount "55"]
[EventDate "2013.09.16"]
[EventType "tourn"]
[EventRounds "1"]
[EventCountry "POL"]
[SourceDate "2013.09.16"]

1. Nf3 Nf6 2. g3 d5 3. Bg2 e6 4. O-O Bd6 5. d3 O-O 6. Nbd2 c5 7. e4 Nc6 8. c3
Qc7 9. Re1 b6 10. Qe2 dxe4 11. Nxe4 Be7 12. Bf4 Qd8 13. Nxf6+ gxf6 14. Bh6 Bb7
15. Bxf8 Bxf8 16. Rad1 Qc7 17. d4 cxd4 18. Nxd4 Ne5 19. Nb5 Qc8 20. Nd6 Bxd6
21. Rxd6 Bxg2 22. Kxg2 Qb7+ 23. Qe4 Qb8 24. Red1 Qe8 25. f4 Ng4 26. h3 f5 27.
Qd4 Nh6 28. Qf6 1-0

[Event "129th YMCA Autumn 2013-C"]
[Site "Warszawa"]
[Date "2013.11.06"]
[Round "8"]
[White "Jarmolowski, Tadeusz"]
[Black "Major, Boguslaw"]
[Result "0-1"]
[WhiteElo "1695"]
[BlackElo "1781"]
[PlyCount "64"]
[EventDate "2013.09.16"]
[EventType "tourn"]
[EventRounds "1"]
[EventCountry "POL"]
[SourceDate "2013.09.16"]

1. e4 d6 2. d4 Nf6 3. Nc3 g6 4. f4 Bg7 5. Nf3 c5 6. dxc5 Qa5 7. Bd3 Qxc5 8. Qe2
Bg4 9. Be3 Qb4 10. O-O O-O 11. Nb5 Qa5 12. Kh1 Nc6 13. Bd2 Qb6 14. Qe1 a6 15.
Nc3 Bxf3 16. Rxf3 Nd4 17. Rh3 e6 18. Rh4 h5 19. h3 Nd7 20. e5 dxe5 21. fxe5 Nf5
22. Bxf5 exf5 23. Na4 Qc6 24. Bc3 Rfe8 25. Qg3 Nxe5 26. Re1 f6 27. Bxe5 fxe5
28. Nc3 e4 29. Rd1 Rad8 30. Rxd8 Rxd8 31. Qe1 Qd6 32. Qf1 Qg3 0-1

[Event "129th YMCA Autumn 2013-C"]
[Site "Warszawa"]
[Date "2013.11.06"]
[Round "8"]
[White "Kacprzak, Karol"]
[Black "Maj, Pawel"]
[Result "1-0"]
[WhiteElo "1785"]
[BlackElo "1732"]
[PlyCount "53"]
[EventDate "2013.09.16"]
[EventType "tourn"]
[EventRounds "1"]
[EventCountry "POL"]
[SourceDate "2013.09.16"]

1. c4 b6 2. Nf3 Bb7 3. g3 Bxf3 4. exf3 c5 5. Bg2 Nc6 6. O-O g6 7. Nc3 Bg7 8. d3
Nh6 9. Bxh6 Bxh6 10. f4 O-O 11. f5 Bg7 12. fxg6 hxg6 13. h4 e6 14. h5 Bd4 15.
hxg6 fxg6 16. Be4 Qg5 17. Kg2 e5 18. Bd5+ Kg7 19. Ne4 Qf5 20. f4 Rh8 21. g4 Qf8
22. f5 gxf5 23. Rxf5 Qe7 24. Rf7+ Qxf7 25. Bxf7 Kxf7 26. Qf3+ Kg8 27. Rf1 1-0

[Event "129th YMCA Autumn 2013-C"]
[Site "Warszawa"]
[Date "2013.11.13"]
[Round "9"]
[White "Bitowt, Jacek"]
[Black "Krzyzanowski, Antoni"]
[Result "1-0"]
[WhiteElo "1750"]
[BlackElo "1758"]
[PlyCount "71"]
[EventDate "2013.09.16"]
[EventType "tourn"]
[EventRounds "1"]
[EventCountry "POL"]
[SourceDate "2013.09.16"]

1. e4 e6 2. d4 d5 3. Nd2 Nc6 4. c3 Nf6 5. e5 Nd7 6. Bd3 Be7 7. Qh5 g6 8. Qh6
Bf8 9. Qh3 Bg7 10. Ndf3 h6 11. Ne2 Ne7 12. Nf4 Nf8 13. O-O c5 14. Re1 Nh7 15.
Qg4 Kf8 16. h4 c4 17. Bc2 Nf5 18. h5 g5 19. Ne2 f6 20. Ng3 Nxg3 21. Qxg3 f5 22.
b3 Qe8 23. bxc4 dxc4 24. Qh2 Bd7 25. d5 exd5 26. e6 Bc6 27. Ne5 Nf6 28. Ng6+
Kg8 29. Bxf5 Nxh5 30. Qxh5 Bxc3 31. Bxg5 hxg5 32. Qxg5 Bg7 33. Nxh8 Kxh8 34.
Qh4+ Kg8 35. Bh7+ Kf8 36. e7+ 1-0

[Event "129th YMCA Autumn 2013-C"]
[Site "Warszawa"]
[Date "2013.11.13"]
[Round "9"]
[White "Major, Boguslaw"]
[Black "Kacprzak, Karol"]
[Result "1-0"]
[WhiteElo "1781"]
[BlackElo "1785"]
[PlyCount "89"]
[EventDate "2013.09.16"]
[EventType "tourn"]
[EventRounds "1"]
[EventCountry "POL"]
[SourceDate "2013.09.16"]

1. e4 c6 2. d4 d5 3. exd5 cxd5 4. Bd3 Nf6 5. c3 Bg4 6. Qb3 Qd7 7. Bf4 Nc6 8.
Nd2 e6 9. Ngf3 Bxf3 10. Nxf3 a6 11. O-O Be7 12. Rae1 O-O 13. Qc2 Rfe8 14. Ne5
Qc8 15. Re3 Bf8 16. Rh3 g6 17. Re1 Nxe5 18. dxe5 Nd7 19. Qd2 Bg7 20. Bh6 Bh8
21. Qg5 Qd8 22. Qg3 Qc7 23. Bf4 Rac8 24. Qh4 Nf8 25. Bh6 Nd7 26. Bg5 Nf8 27.
Bf6 Qb6 28. Be7 Bg7 29. Ba3 Qd8 30. Qg3 b5 31. Qe3 Nd7 32. Bd6 Qb6 33. Qg3 a5
34. Qh4 h6 35. Qf4 Nc5 36. Bb1 Qd8 37. Rxh6 g5 38. Qe3 Bxh6 39. Bxc5 f5 40.
exf6 Qxf6 41. Bd4 Qf4 42. Qd3 Re7 43. Qg6+ Bg7 44. Bxg7 Rxg7 45. Qxe6+ 1-0

[Event "129th YMCA Autumn 2013-C"]
[Site "Warszawa"]
[Date "2013.11.14"]
[Round "9"]
[White "Dominiczak, Adrian"]
[Black "Jarmolowski, Tadeusz"]
[Result "0-1"]
[WhiteElo "1762"]
[BlackElo "1695"]
[PlyCount "42"]
[EventDate "2013.09.16"]
[EventType "tourn"]
[EventRounds "1"]
[EventCountry "POL"]
[SourceDate "2013.09.16"]

1. d4 Nf6 2. Nf3 e6 3. Bg5 c5 4. e3 Qb6 5. Qc1 cxd4 6. exd4 Ne4 7. Bf4 Nc6 8.
Bd3 d5 9. c3 Be7 10. Nbd2 f5 11. h4 Bd7 12. Ne5 Bf6 13. Ndf3 Nxe5 14. Nxe5 Bb5
15. f3 Bxd3 16. Nxd3 Nd6 17. Nc5 O-O-O 18. b3 Rhe8 19. Qc2 e5 20. Be3 f4 21.
dxe5 Rxe5 0-1

[Event "129th YMCA Autumn 2013-C"]
[Site "Warszawa"]
[Date "2013.10.22"]
[Round "9"]
[White "Rodak, Przemyslaw"]
[Black "Chylewski, Patryk"]
[Result "0-1"]
[WhiteElo "1661"]
[BlackElo "1704"]
[PlyCount "146"]
[EventDate "2013.09.16"]
[EventType "tourn"]
[EventRounds "1"]
[EventCountry "POL"]
[SourceDate "2013.09.16"]

1. d4 Nf6 2. c4 e6 3. Nc3 Bb4 4. Nf3 O-O 5. e3 c5 6. Bd3 d5 7. a3 Bxc3+ 8. bxc3
dxc4 9. Bxc4 Qc7 10. Be2 b6 11. O-O Nbd7 12. Qb3 Bb7 13. a4 Rfe8 14. h3 e5 15.
dxe5 Nxe5 16. Nxe5 Qxe5 17. Rd1 Ne4 18. Rd7 Nd6 19. Bc4 Rf8 20. f4 Qe4 21. Bf1
Rad8 22. Rxd8 Rxd8 23. Qd1 Qe7 24. Qe1 Ne4 25. a5 Qf6 26. axb6 axb6 27. Ra3 Qg6
28. Ra7 Bc6 29. Ra6 Bb7 30. Ra7 Rd7 31. Ba6 Bc6 32. Rxd7 Bxd7 33. Qd1 Qc6 34.
c4 Qc7 35. Qd3 Bc6 36. Bb2 h6 37. Be5 Qe7 38. Bb5 Qb7 39. Qd8+ Kh7 40. Bxc6
Qxc6 41. Qd3 f6 42. Bb2 Qe6 43. Ba1 Kh8 44. Qd8+ Kh7 45. Qd3 h5 46. Qd1 Kh6 47.
Qd3 Nd6 48. Bc3 Nxc4 49. e4 b5 50. f5 Qc6 51. Bd2+ Nxd2 52. Qxd2+ Kh7 53. Qe2
Qe8 54. g4 hxg4 55. hxg4 c4 56. Qg2 Qe7 57. Qh2+ Kg8 58. Qb8+ Kh7 59. Qh2+ Kg8
60. Qb8+ Kf7 61. Qxb5 Qxe4 62. Qd7+ Kg8 63. Qd1 c3 64. Kf2 c2 65. Qc1 Qd3 66.
Ke1 Kh7 67. g5 Qg3+ 68. Ke2 Qxg5 69. Qxc2 Qg2+ 70. Kd3 Qxc2+ 71. Kxc2 Kh6 72.
Kd3 Kg5 73. Ke4 Kg4 0-1

[Event "129th YMCA Autumn 2013-C"]
[Site "Warszawa"]
[Date "2013.11.13"]
[Round "9"]
[White "Szukalski, Antoni"]
[Black "Wilczynski, Adam"]
[Result "1-0"]
[WhiteElo "1796"]
[BlackElo "1696"]
[PlyCount "99"]
[EventDate "2013.09.16"]
[EventType "tourn"]
[EventRounds "1"]
[EventCountry "POL"]
[SourceDate "2013.09.16"]

1. d4 Nf6 2. c4 e6 3. Nc3 Bb4 4. Qc2 O-O 5. Bg5 h6 6. Bh4 c5 7. e3 cxd4 8. exd4
Nc6 9. Nf3 d5 10. a3 Be7 11. Rd1 Bd7 12. Bxf6 Bxf6 13. cxd5 exd5 14. Nxd5 Qa5+
15. Nc3 Rfe8+ 16. Be2 Bf5 17. Qc1 g5 18. h3 Rad8 19. b4 Nxb4 20. axb4 Qxb4 21.
Qd2 Kg7 22. O-O a5 23. g4 Bg6 24. Rfe1 Rh8 25. Nb5 Qb3 26. Qxa5 Ra8 27. Qc3
Qxc3 28. Nxc3 Rhd8 29. Nb5 Ra2 30. Bc4 Ra4 31. Bd3 Rb4 32. Bxg6 Rxb5 33. Bf5
Ra5 34. Re3 b5 35. Rb3 Be7 36. Ne5 Rd6 37. d5 Bf6 38. Nc6 Ra6 39. Rdd3 Rb6 40.
Be4 Kf8 41. Rb1 Kg7 42. Rdb3 Ra6 43. Rxb5 Ra2 44. Ra5 Re2 45. Bf3 Rd2 46. Ra7
Rxc6 47. dxc6 Bd4 48. Rd7 Bxf2+ 49. Kf1 Rc2 50. Be4 1-0

[Event "129th YMCA Autumn 2013-C"]
[Site "Warszawa"]
[Date "2013.11.13"]
[Round "9"]
[White "Kaminski, Jan"]
[Black "Wyszomirski, Krzysztof"]
[Result "0-1"]
[WhiteElo "1753"]
[BlackElo "1755"]
[PlyCount "102"]
[EventDate "2013.09.16"]
[EventType "tourn"]
[EventRounds "1"]
[EventCountry "POL"]
[SourceDate "2013.09.16"]

1. e4 c5 2. Nf3 e6 3. Be2 Nc6 4. O-O Nf6 5. Nc3 Be7 6. d4 cxd4 7. Nxd4 a6 8.
Kh1 O-O 9. f4 d6 10. Bf3 e5 11. Nb3 b5 12. Nd5 Nxd5 13. exd5 Nd4 14. Nxd4 exd4
15. Qxd4 Bf6 16. Qd3 Bd7 17. Be4 h6 18. Qa3 Qc7 19. Bd2 a5 20. Rab1 Rfe8 21.
Qf3 Qc4 22. Bd3 Qxa2 23. c3 a4 24. Be3 a3 25. bxa3 Qxa3 26. Bd4 Bxd4 27. cxd4
b4 28. Bc4 Re3 29. Qh5 Qc3 30. Rfc1 Qxd4 31. Rxb4 Rc3 32. Qd1 Rxc1 33. Qxc1 Ra1
34. Rb8+ Kh7 35. Rb1 Rxb1 36. Qxb1+ g6 37. Qf1 Bf5 38. h3 Be4 39. Kh2 Bxd5 40.
Bxd5 Qxd5 41. Qe2 Qe6 42. Qc2 d5 43. g4 Qe4 44. Qc7 Kg7 45. Qd6 Qe6 46. Qc5 Qe4
47. Qd6 d4 48. Kg3 d3 49. Kf2 Qe2+ 50. Kg3 Qe3+ 51. Kg2 d2 0-1

[Event "129th YMCA Autumn 2013-C"]
[Site "Warszawa"]
[Date "2013.11.20"]
[Round "10"]
[White "Krzyzanowski, Antoni"]
[Black "Wyszomirski, Krzysztof"]
[Result "0-1"]
[WhiteElo "1758"]
[BlackElo "1755"]
[PlyCount "76"]
[EventDate "2013.09.16"]
[EventType "tourn"]
[EventRounds "1"]
[EventCountry "POL"]
[SourceDate "2013.09.16"]

1. e4 c5 2. Nf3 e6 3. d3 Nc6 4. g3 Nf6 5. Bg2 Be7 6. O-O O-O 7. Re1 d5 8. e5
Nd7 9. h4 f6 10. exf6 Nxf6 11. Nbd2 Qc7 12. Ng5 e5 13. Nf1 h6 14. Nh2 Qd6 15.
f4 hxg5 16. hxg5 Nh7 17. Qh5 Bf5 18. fxe5 Qe6 19. c4 dxc4 20. dxc4 Qg6 21. Bd5+
Kh8 22. Qd1 Bxg5 23. Kg2 Nd4 24. Bxg5 Nxg5 25. Ng4 Nge6 26. Rh1+ Kg8 27. Nf2
Rf7 28. Rh4 Rd7 29. Qd2 Kf7 30. Rf1 Ke7 31. Ne4 Rxd5 32. cxd5 Bxe4+ 33. Kh2
Bxd5 34. b4 Rd8 35. bxc5 Nf3+ 36. Rxf3 Bxf3 37. Qb2 Qd3 38. Qxb7+ Bxb7 0-1

[Event "129th YMCA Autumn 2013-C"]
[Site "Warszawa"]
[Date "2013.11.20"]
[Round "10"]
[White "Wilczynski, Adam"]
[Black "Kaminski, Jan"]
[Result "1/2-1/2"]
[WhiteElo "1696"]
[BlackElo "1753"]
[PlyCount "64"]
[EventDate "2013.09.16"]
[EventType "tourn"]
[EventRounds "1"]
[EventCountry "POL"]
[SourceDate "2013.09.16"]

1. c4 Nf6 2. Nf3 c6 3. g3 d5 4. Bg2 Bf5 5. Qb3 Qc7 6. d3 Nbd7 7. O-O e5 8. cxd5
cxd5 9. Nc3 d4 10. Nb5 Qb6 11. Ng5 Bg6 12. Qc4 Nc5 13. a4 a6 14. Na3 Bd6 15. a5
Qb3 16. Ra2 Rb8 17. Qxb3 Nxb3 18. Nc4 Bc7 19. Nf3 Nd7 20. Nfd2 Nxc1 21. Rxc1 f5
22. b4 Ke7 23. Rac2 Bf7 24. Nb3 Rhd8 25. Ncd2 Bd6 26. Nc5 Nxc5 27. bxc5 Bc7 28.
Ra1 Bd5 29. Nc4 Bxg2 30. Kxg2 Kd7 31. Rb1 Kc6 32. Nb6 g6 1/2-1/2

[Event "129th YMCA Autumn 2013-C"]
[Site "Warszawa"]
[Date "2013.11.19"]
[Round "10"]
[White "Chylewski, Patryk"]
[Black "Szukalski, Antoni"]
[Result "1-0"]
[WhiteElo "1704"]
[BlackElo "1796"]
[Annotator "Admin"]
[PlyCount "131"]
[EventDate "2013.09.16"]
[EventType "tourn"]
[EventRounds "1"]
[EventCountry "POL"]
[SourceDate "2013.09.16"]

1. e4 c6 2. d4 d5 3. Nc3 dxe4 4. Nxe4 Bf5 5. Ng3 Bg6 6. h4 h6 7. Nf3 Nf6 8. Ne5
Bh7 9. Bd3 Bxd3 10. Qxd3 e6 11. Bd2 Nbd7 12. f4 Bd6 13. O-O-O Qc7 14. Rhe1 Bxe5
15. fxe5 Nd5 16. Ne4 O-O 17. Kb1 c5 18. c3 Ne7 19. g4 f5 20. exf6 c4 21. Qh3
Nxf6 22. Nc5 Rfe8 23. Nxe6 Qc6 24. g5 Ne4 25. gxh6 Ng6 26. h7+ Kh8 27. h5 Qxe6
28. Qxe6 Rxe6 29. hxg6 Nxd2+ 30. Kc2 Rxg6 31. Rxd2 Kxh7 32. Re7 b5 33. d5 Rd8
$11 34. Rxa7 Rgd6 35. Ra5 Rxd5 36. Rxd5 Rxd5 37. a4 Rf5 38. Rxb5 Rf2+ 39. Kd1
Kh6 40. a5 g5 41. a6 Rf1+ 42. Ke2 Ra1 43. Rb6+ Kh5 44. Ke3 g4 45. Kf4 Rf1+ 46.
Kg3 Rg1+ 47. Kh2 Ra1 48. Rc6 Ra2 49. Rxc4 Rxb2+ 50. Kg3 Rb3 51. Rc5+ Kg6 52.
Kxg4 Kf6 53. Ra5 Rb8 54. a7 Ra8 55. Kf4 Ke6 56. Ke4 Kd6 57. Kd4 Kc6 58. c4 Kb6
59. Ra1 Rd8+ 60. Kc3 Ra8 61. Kb4 Kb7 62. Kb5 Kc7 63. c5 Kb7 64. c6+ Kc7 65. Kc5
Kc8 66. Kd6 1-0

[Event "129th YMCA Autumn 2013-C"]
[Site "Warszawa"]
[Date "2013.11.20"]
[Round "10"]
[White "Jarmolowski, Tadeusz"]
[Black "Rodak, Przemyslaw"]
[Result "0-1"]
[WhiteElo "1695"]
[BlackElo "1661"]
[PlyCount "68"]
[EventDate "2013.09.16"]
[EventType "tourn"]
[EventRounds "1"]
[EventCountry "POL"]
[SourceDate "2013.09.16"]

1. e4 Nf6 2. e5 Nd5 3. c4 Nb6 4. d4 d6 5. f4 Bf5 6. Nc3 Nc6 7. Be3 g6 8. h3 Bh6
9. g4 Bd7 10. g5 Bg7 11. Nf3 a6 12. d5 Na7 13. Qd2 c6 14. O-O-O cxd5 15. cxd5
Nb5 16. Kb1 Nxc3+ 17. Qxc3 Bf5+ 18. Ka1 Nxd5 19. Rxd5 Be4 20. Rd2 Bxf3 21. Bg2
Bxg2 22. Rxg2 dxe5 23. Rd2 Qc8 24. Qb3 O-O 25. fxe5 Bxe5 26. Bb6 Bf4 27. Rg2
Qc6 28. Rhg1 Rac8 29. a3 Qc4 30. Qf3 Rc6 31. Ba5 Be5 32. Rg4 Qb5 33. Bc3 Bxc3
34. bxc3 Qb3 0-1

[Event "129th YMCA Autumn 2013-C"]
[Site "Warszawa"]
[Date "2013.11.20"]
[Round "10"]
[White "Kacprzak, Karol"]
[Black "Dominiczak, Adrian"]
[Result "1-0"]
[WhiteElo "1785"]
[BlackElo "1762"]
[PlyCount "37"]
[EventDate "2013.09.16"]
[EventType "tourn"]
[EventRounds "1"]
[EventCountry "POL"]
[SourceDate "2013.09.16"]

1. c4 c6 2. Nc3 d5 3. cxd5 cxd5 4. d4 Nf6 5. Nf3 e6 6. Bf4 Be7 7. e3 O-O 8. Bd3
Qb6 9. O-O Qxb2 10. Nb5 Na6 11. a4 Bd7 12. Rb1 Qa2 13. Nc3 Qa3 14. Rb3 Bxa4 15.
Nxa4 Qxa4 16. Rxb7 Qa5 17. Rxe7 Nb4 18. Rb7 Qa3 19. Bd6 1-0

[Event "129th YMCA Autumn 2013-C"]
[Site "Warszawa"]
[Date "2013.11.20"]
[Round "10"]
[White "Bitowt, Jacek"]
[Black "Maj, Pawel"]
[Result "0-1"]
[WhiteElo "1750"]
[BlackElo "1732"]
[PlyCount "128"]
[EventDate "2013.09.16"]
[EventType "tourn"]
[EventRounds "1"]
[EventCountry "POL"]
[SourceDate "2013.09.16"]

1. e4 c5 2. c3 Nf6 3. e5 Nd5 4. Nf3 Nc6 5. Bc4 Nb6 6. Bb3 d5 7. d4 cxd4 8. cxd4
Bg4 9. Be3 e6 10. O-O Be7 11. h3 Bh5 12. Nc3 O-O 13. Bc2 Bg6 14. Bxg6 hxg6 15.
b3 Rc8 16. Ne2 Nb4 17. Ne1 a5 18. a3 Na6 19. Nd3 Qd7 20. Qd2 a4 21. Qa5 Bd8 22.
Nc5 Nxc5 23. dxc5 Nc4 24. Qxa4 Qxa4 25. bxa4 Nxe3 26. fxe3 Rxc5 27. Rab1 b6 28.
Rfc1 Bc7 29. Rb5 Rxc1+ 30. Nxc1 Ra8 31. Rb4 Bxe5 32. Rxb6 Rxa4 33. Nd3 Bf6 34.
Rb8+ Kh7 35. Rb3 Be7 36. Nb4 g5 37. Kf2 Kg6 38. Kf3 Kf6 39. g3 Bd6 40. g4 Ke7
41. Ke2 Kd7 42. Kd3 g6 43. e4 dxe4+ 44. Kxe4 f5+ 45. Kd4 e5+ 46. Kd3 Ke6 47.
Kc4 Ra5 48. Rd3 e4 49. Re3 Rc5+ 50. Kb3 Bf4 51. Rc3 Rxc3+ 52. Kxc3 Bd6 53. Nc2
Ke5 54. a4 f4 55. a5 Bc5 56. a6 f3 57. Kd2 Kd5 58. Na1 Kc6 59. Nb3 Ba7 60. Na5+
Kb5 61. Nb7 Kxa6 62. Nd6 e3+ 63. Ke1 Bc5 64. Nf7 Bb4+ 0-1

[Event "129th YMCA Autumn 2013-C"]
[Site "Warszawa"]
[Date "2013.11.27"]
[Round "11"]
[White "Maj, Pawel"]
[Black "Krzyzanowski, Antoni"]
[Result "1-0"]
[WhiteElo "1732"]
[BlackElo "1758"]
[PlyCount "81"]
[EventDate "2013.09.16"]
[EventType "tourn"]
[EventRounds "1"]
[EventCountry "POL"]
[SourceDate "2013.09.16"]

1. e4 e6 2. d4 d5 3. Nc3 Nc6 4. Nf3 Nf6 5. Bg5 Be7 6. e5 Nd7 7. Bxe7 Qxe7 8. a3
f5 9. exf6 Nxf6 10. Bb5 O-O 11. O-O Nd8 12. Ne2 c5 13. c3 c4 14. Ba4 Ng4 15.
Ng3 Kh8 16. h3 Nh6 17. Qe2 Bd7 18. Bc2 Nc6 19. Rae1 Rf7 20. Qe3 Qd6 21. Ng5 Re7
22. Bxh7 e5 23. dxe5 Rxe5 24. Qd2 Rxg5 25. Ne4 Rxg2+ 26. Kxg2 Bxh3+ 27. Kxh3
Qe6+ 28. Kg2 dxe4 29. Bxe4 Qg4+ 30. Kh2 Qh4+ 31. Kg1 Rf8 32. f3 Rf4 33. Re2 Ne5
34. Rh2 Qf6 35. Qe2 Kg8 36. Bd5+ Kf8 37. Re1 Rf5 38. f4 Nhg4 39. Qxg4 Rxf4 40.
Qxf4 Qxf4 41. Rf1 1-0

[Event "129th YMCA Autumn 2013-C"]
[Site "Warszawa"]
[Date "2013.11.27"]
[Round "11"]
[White "Major, Boguslaw"]
[Black "Bitowt, Jacek"]
[Result "1-0"]
[WhiteElo "1781"]
[BlackElo "1750"]
[PlyCount "73"]
[EventDate "2013.09.16"]
[EventType "tourn"]
[EventRounds "1"]
[EventCountry "POL"]
[SourceDate "2013.09.16"]

1. d4 Nf6 2. Nf3 d5 3. c4 e6 4. Nc3 Be7 5. cxd5 exd5 6. Bg5 O-O 7. e3 h6 8. Bh4
Bf5 9. Qb3 Nbd7 10. Bg3 Nb6 11. Nb5 c6 12. Bc7 Qc8 13. Nd6 Bxd6 14. Bxd6 Re8
15. Ne5 Ne4 16. Ba3 Qe6 17. Be2 f6 18. Nf3 Nc4 19. Bxc4 dxc4 20. Qxb7 Nxf2 21.
Kxf2 Qxe3+ 22. Kg3 g5 23. Bd6 h5 24. h4 g4 25. Bf4 Qe6 26. Rhe1 Qd5 27. Bh6 Bd7
28. Rxe8+ Rxe8 29. Re1 Rxe1 30. Nxe1 Qd6+ 31. Bf4 Qxd4 32. Qb8+ Kf7 33. Qd6
Qxd6 34. Bxd6 Ke6 35. Bc5 a6 36. Nc2 f5 37. Kf4 1-0

[Event "129th YMCA Autumn 2013-C"]
[Site "Warszawa"]
[Date "2013.10.30"]
[Round "11"]
[White "Dominiczak, Adrian"]
[Black "Pajak, Jakub"]
[Result "1/2-1/2"]
[WhiteElo "1762"]
[BlackElo "1722"]
[PlyCount "119"]
[EventDate "2013.09.16"]
[EventType "tourn"]
[EventRounds "1"]
[EventCountry "POL"]
[SourceDate "2013.09.16"]

1. d4 Nf6 2. Nf3 e6 3. Bg5 c5 4. e3 d5 5. Nbd2 Nbd7 6. c3 Be7 7. Bd3 b6 8. O-O
a5 9. c4 Ba6 10. Qe2 O-O 11. e4 dxc4 12. Nxc4 b5 13. Nce5 Nxe5 14. Nxe5 c4 15.
Bxc4 bxc4 16. Nc6 Qc7 17. Nxe7+ Qxe7 18. e5 Kh8 19. Qf3 Qb7 20. Qxb7 Bxb7 21.
exf6 h6 22. fxg7+ Kxg7 23. Bf4 Bd5 24. Rfe1 Rg8 25. Re3 Kf6 26. f3 Rg6 27. Kf2
a4 28. Rae1 Ra5 29. R1e2 Kg7 30. h4 Kh7 31. h5 Rg8 32. Ke1 Rga8 33. Bd6 R5a6
34. Bb4 Rb8 35. a3 Rg8 36. g4 f6 37. Kf2 Ra7 38. Re1 Rf7 39. Rg1 f5 40. gxf5
Rxg1 41. Kxg1 Rxf5 42. Re5 Rxe5 43. dxe5 Bxf3 44. Kf2 Bxh5 45. Ke3 Bd1 46. Be7
Kg6 47. Kf4 Kf7 48. Bd8 Ke8 49. Bf6 Kd7 50. Bg7 h5 51. Kg3 Kc6 52. Bf8 Kd5 53.
Bd6 Kd4 54. Bc7 Kd3 55. Ba5 Ke4 56. Bc3 Ke3 57. Ba5 Kd4 58. Bc7 Kd3 59. Ba5 Kd4
60. Bc7 1/2-1/2

[Event "129th YMCA Autumn 2013-C"]
[Site "Warszawa"]
[Date "2013.11.27"]
[Round "11"]
[White "Rodak, Przemyslaw"]
[Black "Kacprzak, Karol"]
[Result "1/2-1/2"]
[WhiteElo "1661"]
[BlackElo "1785"]
[PlyCount "55"]
[EventDate "2013.09.16"]
[EventType "tourn"]
[EventRounds "1"]
[EventCountry "POL"]
[SourceDate "2013.09.16"]

1. d4 d5 2. c4 e6 3. Nf3 Nf6 4. Nc3 c6 5. e3 Be7 6. Bd3 O-O 7. O-O dxc4 8. Bxc4
b5 9. Bd3 Nbd7 10. e4 h6 11. e5 Nd5 12. Nxd5 exd5 13. h3 a6 14. Be3 c5 15. dxc5
Nxc5 16. Bc2 Ne4 17. Qd3 Bf5 18. Nd4 Bh7 19. Nc6 Qd7 20. Nxe7+ Qxe7 21. Qxd5
Rfd8 22. Qb3 Qxe5 23. Rfe1 Qf6 24. Rad1 Ng5 25. Bxh7+ Nxh7 26. Rc1 Rac8 27.
Red1 Rxd1+ 28. Rxd1 1/2-1/2

[Event "129th YMCA Autumn 2013-C"]
[Site "Warszawa"]
[Date "2013.11.28"]
[Round "11"]
[White "Szukalski, Antoni"]
[Black "Jarmolowski, Tadeusz"]
[Result "1-0"]
[WhiteElo "1796"]
[BlackElo "1695"]
[PlyCount "59"]
[EventDate "2013.09.16"]
[EventType "tourn"]
[EventRounds "1"]
[EventCountry "POL"]
[SourceDate "2013.09.16"]

1. d4 Nf6 2. c4 e5 3. dxe5 Ng4 4. Nf3 Bc5 5. e3 Nc6 6. Be2 O-O 7. a3 a5 8. Bd2
Re8 9. Bc3 Ngxe5 10. Nbd2 Ra6 11. Nxe5 Nxe5 12. Nf3 Rd6 13. Qc2 Nc6 14. Bd3 Rh6
15. O-O-O d6 16. h3 Qe7 17. g4 Bxe3+ 18. fxe3 Qxe3+ 19. Nd2 Rxh3 20. Bxh7+ Kf8
21. Rxh3 Qxh3 22. Bf5 Bxf5 23. Qxf5 Re6 24. Rf1 Nd8 25. Bxg7+ Kxg7 26. Qg5+ Rg6
27. Qxd8 Rxg4 28. Qf6+ Kg8 29. Qxf7+ Kh8 30. Qxc7 1-0

[Event "129th YMCA Autumn 2013-C"]
[Site "Warszawa"]
[Date "2013.11.29"]
[Round "11"]
[White "Kaminski, Jan"]
[Black "Chylewski, Patryk"]
[Result "0-1"]
[WhiteElo "1753"]
[BlackElo "1704"]
[PlyCount "54"]
[EventDate "2013.09.16"]
[EventType "tourn"]
[EventRounds "1"]
[EventCountry "POL"]
[SourceDate "2013.09.16"]

1. e4 c5 2. Nf3 d6 3. d4 cxd4 4. Nxd4 Nf6 5. Nc3 a6 6. Bg5 Nbd7 7. f4 Qc7 8.
Qf3 h6 9. Bh4 g5 10. fxg5 hxg5 11. Bxg5 Qc5 12. Be3 Ne5 13. Qe2 Neg4 14. Nf5
Qb4 15. O-O-O Bxf5 16. Rd4 Qa5 17. Ra4 Qd8 18. Bg5 Bd7 19. Bxf6 Nxf6 20. Rb4
Bc6 21. e5 Bh6+ 22. Kb1 dxe5 23. Qxe5 Qd6 24. Qxd6 exd6 25. Bc4 Bxg2 26. Re1+
Kf8 27. Re2 Re8 0-1

[Event "129th YMCA Autumn 2013-C"]
[Site "Warszawa"]
[Date "2013.11.27"]
[Round "11"]
[White "Wyszomirski, Krzysztof"]
[Black "Wilczynski, Adam"]
[Result "1-0"]
[WhiteElo "1755"]
[BlackElo "1696"]
[PlyCount "91"]
[EventDate "2013.09.16"]
[EventType "tourn"]
[EventRounds "1"]
[EventCountry "POL"]
[SourceDate "2013.09.16"]

1. e4 c5 2. Nf3 e6 3. d4 cxd4 4. Nxd4 a6 5. Nc3 Qc7 6. a3 Nf6 7. Be3 Bc5 8. Be2
d6 9. Qd2 Nc6 10. Rd1 Nxd4 11. Bxd4 e5 12. Be3 Be6 13. Bxc5 dxc5 14. Nd5 Bxd5
15. exd5 Qd6 16. c4 O-O 17. b4 b6 18. O-O a5 19. Rb1 axb4 20. axb4 Ne4 21. Qe3
f5 22. Bf3 Nf6 23. bxc5 bxc5 24. Rb5 Nd7 25. g4 f4 26. Qd3 Ra4 27. Rfb1 Ra2 28.
Be4 g6 29. g5 Rfa8 30. Bf3 R2a3 31. Qe2 Ra2 32. Qe4 Rd2 33. R5b2 Rd4 34. Qe2 e4
35. Bxe4 Qe5 36. Bg2 f3 37. Bxf3 Qxg5+ 38. Bg2 Ne5 39. d6 Rf8 40. Rb8 Rxd6 41.
Rxf8+ Kxf8 42. f4 Rd2 43. Qxd2 Nf3+ 44. Kh1 Nxd2 45. Rb8+ Kf7 46. fxg5 1-0